[Event "GER-ch U25-A"]
[Site "Willingen"]
[Date "2016.05.17"]
[Round "4"]
[White "Marx, Joschka"]
[Black "Richter, Nils"]
[Result "1-0"]
[WhiteElo "2039"]
[BlackElo "1826"]
[PlyCount "97"]
[EventDate "2016.05.15"]
[EventType "swiss"]
[EventRounds "9"]
[EventCountry "GER"]
[SourceTitle "CBM 172 Extra"]
[Source "ChessBase"]
[SourceDate "2016.06.21"]
[SourceVersion "1"]
[SourceVersionDate "2016.06.21"]
[SourceQuality "1"]

1. e4 c5 2. Nf3 Nc6 3. Bb5 Nf6 4. Nc3 a6 5. Bxc6 dxc6 6. h3 e6 7. d3 Be7 8. 0-0 0-0 9. Be3 Qc7 10. a4 e5 11. Nd2 Ne8 12. a5 f5 13. exf5 Bxf5 14. Nce4 Nf6 15. Qe2 Nxe4 16. Nxe4 Bxe4 17. dxe4 Kh8 18. Qc4 Rfd8 19. Bxc5 Bxc5 20. Qxc5 Rd4 21. Rae1 Rad8 22. Re3 h6 23. Rfe1 Kh7 24. g3 Rd2 25. Kg2 R8d7 26. b4 Qb8 27. R1e2 Rd1 28. Re1 R1d2 29. Rf3 Qc7 30. Rf5 Rf7 31. Qc3 Rd4 32. Qf3 Rdd7 33. Rd1 Rde7 34. c3 g6 35. Rxf7+ Rxf7 36. Qd3 Kg7 37. Qd6 Qxd6 38. Rxd6 Re7 39. Kf3 Kf7 40. Ke3 Rc7 41. c4 c5 42. b5 axb5 43. cxb5 c4 44. Kd2 h5 45. Kc3 g5 46. Rb6 g4 47. hxg4 hxg4 48. a6 bxa6 49. bxa6 1-0

[Event "Oberliga Nord N 1213"]
[Site "Germany"]
[Date "2013.02.24"]
[Round "7.4"]
[White "Marx, Joschka"]
[Black "Budzyn, Matthias"]
[Result "0-1"]
[WhiteElo "2034"]
[BlackElo "2170"]
[PlyCount "86"]
[EventDate "2012.10.14"]
[EventType "team-tourn"]
[EventRounds "9"]
[EventCountry "GER"]
[SourceTitle "EXT 2015"]
[Source "ChessBase"]
[SourceDate "2014.11.20"]
[SourceVersion "1"]
[SourceVersionDate "2014.11.20"]
[SourceQuality "1"]
[WhiteTeam "Schwarzenbek"]
[BlackTeam "Kiel Turm"]
[WhiteTeamCountry "GER"]
[BlackTeamCountry "GER"]

1. c4 Nf6 2. Nf3 g6 3. g3 Bg7 4. Bg2 0-0 5. 0-0 d5 6. cxd5 Nxd5 7. Nc3 Nb6 8. d3 Nc6 9. Be3 e5 10. a4 a5 11. Ng5 Nd4 12. Nge4 c6 13. Rc1 Qe7 14. f4 Be6 15. fxe5 Bxe5 16. Bh6 Nf5 17. Rxf5 Bxf5 18. Bxf8 Bd4+ 19. Kh1 Rxf8 20. Qd2 Nd5 21. Nd1 Bb6 22. Qh6 f6 23. Ndc3 Ne3 24. Bh3 Bg4 25. Bxg4 Nxg4 26. Qh4 Ne3 27. Nd2 Re8 28. Nc4 Nf5 29. Qe4 Qd8 30. Qg2 Bd4 31. e4 Nh6 32. Qf3 Nf7 33. Rf1 Kg7 34. Ne2 Be5 35. Ne3 Ng5 36. Qg2 Qxd3 37. Ng4 Qxe4 38. Nf4 Bxf4 39. Rxf4 Qxg2+ 40. Kxg2 Re2+ 41. Rf2 Rxf2+ 42. Nxf2 Kf7 43. Nd3 Ke7 0-1

[Event "GER-chT Lands U20"]
[Site "Hannover"]
[Date "2012.10.02"]
[Round "6.3"]
[White "Hinrichs, Lars"]
[Black "Marx, Joschka"]
[Result "0-1"]
[WhiteElo "1925"]
[BlackElo "1993"]
[PlyCount "86"]
[EventDate "2012.09.29"]
[EventType "team-swiss"]
[EventRounds "7"]
[EventCountry "GER"]
[SourceTitle "CBM 150 Extra"]
[Source "ChessBase"]
[SourceDate "2012.10.19"]
[SourceVersion "1"]
[SourceVersionDate "2012.10.19"]
[SourceQuality "1"]
[WhiteTeam "Hamburg"]
[BlackTeam "Schleswig Holstein"]
[WhiteTeamCountry "GER"]
[BlackTeamCountry "GER"]

1. e4 c6 2. d4 g6 3. Nc3 d5 4. Nf3 Bg7 5. Be2 Nh6 6. 0-0 0-0 7. Bf4 f6 8. Re1 Nf7 9. exd5 cxd5 10. Bb5 Nc6 11. h3 e6 12. Qd2 Re8 13. Rad1 Bd7 14. Re2 a6 15. Ba4 b5 16. Bb3 Na5 17. Rde1 Nc4 18. Bxc4 bxc4 19. Nd1 Qb6 20. g4 Rac8 21. c3 h6 22. Kg2 Kh7 23. Ne3 Nd6 24. Bxd6 Qxd6 25. Nf1 Rf8 26. h4 Rce8 27. g5 e5 28. dxe5 fxe5 29. gxh6 Bxh6 30. Ng5+ Bxg5 31. hxg5 d4 32. Ng3 Bc6+ 33. Kg1 Qd5 34. Ne4 Kg7 35. f3 Rxf3 36. Rf2 Rf5 37. Ng3 Rxf2 38. Qxf2 Rf8 39. Qe2 Rf3 40. Kh2 Re3 41. Qf2 Rxe1 42. Qf6+ Kh7 43. Qe7+ Kg8 0-1

[Event "GER-chT Lands U20"]
[Site "Hannover"]
[Date "2012.10.01"]
[Round "5.3"]
[White "Marx, Joschka"]
[Black "Bingert, Tim Niklas"]
[Result "0-1"]
[WhiteElo "1993"]
[BlackElo "2030"]
[PlyCount "84"]
[EventDate "2012.09.29"]
[EventType "team-swiss"]
[EventRounds "7"]
[EventCountry "GER"]
[SourceTitle "CBM 150 Extra"]
[Source "ChessBase"]
[SourceDate "2012.10.19"]
[SourceVersion "1"]
[SourceVersionDate "2012.10.19"]
[SourceQuality "1"]
[WhiteTeam "Schleswig Holstein"]
[BlackTeam "Hessen II"]
[WhiteTeamCountry "GER"]
[BlackTeamCountry "GER"]

1. c4 b6 2. Nc3 c5 3. e4 Bb7 4. Nf3 Nc6 5. d4 cxd4 6. Nxd4 g6 7. Nxc6 dxc6 8. Be3 Bg7 9. Be2 Bxc3+ 10. bxc3 Qxd1+ 11. Rxd1 c5 12. f3 Nf6 13. e5 Nd7 14. Bh6 0-0-0 15. 0-0 Nb8 16. Bg5 Nc6 17. f4 Rxd1 18. Rxd1 Rd8 19. Rd5 Na5 20. Bxe7 Bxd5 21. Bxd8 Bxc4 22. Bxc4 Nxc4 23. Bh4 Kd7 24. Kf2 Ke6 25. g4 Kd5 26. Kf3 b5 27. Bf2 a5 28. h3 b4 29. cxb4 cxb4 30. Be1 Na3 31. Bd2 Nb1 32. Be1 Nc3 33. Bxc3 bxc3 34. Ke3 c2 35. Kd2 Ke4 36. Kxc2 Kxf4 37. Kb3 Kxe5 38. g5 Kf5 39. h4 Kg4 40. Ka4 Kxh4 41. Kxa5 Kxg5 42. Kb6 h5 0-1

[Event "Schleswig Holstein-ch M class"]
[Site "Schleswig Holstein"]
[Date "2012.04.05"]
[Round "8"]
[White "Marx, Joschka"]
[Black "Porth, Hartmut"]
[Result "1-0"]
[WhiteElo "2017"]
[BlackElo "2237"]
[PlyCount "91"]
[EventDate "2012.03.31"]
[EventType "swiss"]
[EventRounds "9"]
[EventCountry "GER"]
[SourceTitle "EXT 2022"]
[Source "ChessBase"]
[SourceDate "2021.10.06"]
[SourceVersion "1"]
[SourceVersionDate "2021.10.06"]
[SourceQuality "1"]

1. c4 Nc6 2. Nc3 e5 3. g3 g6 4. Bg2 d6 5. e4 Bg7 6. Nge2 Be6 7. d3 Qd7 8. Nd5 Nce7 9. Nec3 c6 10. Ne3 Nf6 11. Qa4 0-0 12. 0-0 Rfd8 13. f4 exf4 14. gxf4 Bh3 15. Ne2 Bxg2 16. Kxg2 Ng4 17. Rb1 d5 18. cxd5 Nxe3+ 19. Bxe3 Qg4+ 20. Ng3 cxd5 21. h3 Qh4 22. Qa3 dxe4 23. dxe4 Nc6 24. Rfd1 h5 25. Rbc1 Bh6 26. f5 Bf4 27. Bxf4 Qxf4 28. Rf1 Qd2+ 29. Kh1 h4 30. fxg6 Qd6 31. gxf7+ Kf8 32. Qxd6+ Rxd6 33. Nf5 Rd3 34. Rc3 Rxc3 35. bxc3 Kxf7 36. Nxh4+ Ke6 37. Nf3 Kf6 38. Kh2 Ne5 39. Nd4+ Kg6 40. Rf5 Re8 41. h4 Nd3 42. h5+ Kh6 43. Rd5 Ne5 44. Nf5+ Kh7 45. Kg3 Nf7 46. Rd7 1-0

[Event "Schleswig Holstein-ch M class"]
[Site "Schleswig Holstein"]
[Date "2012.04.03"]
[Round "5"]
[White "Budzyn, Matthias"]
[Black "Marx, Joschka"]
[Result "1/2-1/2"]
[WhiteElo "2158"]
[BlackElo "2017"]
[PlyCount "63"]
[EventDate "2012.03.31"]
[EventType "swiss"]
[EventRounds "9"]
[EventCountry "GER"]
[SourceTitle "EXT 2022"]
[Source "ChessBase"]
[SourceDate "2021.10.06"]
[SourceVersion "1"]
[SourceVersionDate "2021.10.06"]
[SourceQuality "1"]

1. Nf3 Nf6 2. g3 d6 3. d4 Nbd7 4. Bg2 e5 5. 0-0 Be7 6. c4 c6 7. Nc3 0-0 8. e4 a5 9. b3 Re8 10. Bb2 Bf8 11. Re1 Qc7 12. h3 h6 13. Qd2 Rb8 14. Rac1 exd4 15. Nxd4 Nc5 16. Rcd1 Qb6 17. Qf4 Be6 18. Nf5 Bxf5 19. Qxf5 Re6 20. Re3 Rbe8 21. Ba3 Re5 22. Bxc5 Qxc5 23. Qf4 b5 24. cxb5 cxb5 25. Red3 b4 26. Na4 Qc2 27. R3d2 Qc6 28. Nb2 Qc7 29. Nd3 R5e6 30. Rc1 Qb6 31. Rc4 Nd7 32. Rdc2 1/2-1/2

[Event "Schleswig Holstein-ch M class"]
[Site "Schleswig Holstein"]
[Date "2012.04.02"]
[Round "3"]
[White "Marx, Joschka"]
[Black "Berger, Joachim"]
[Result "1-0"]
[WhiteElo "2017"]
[BlackElo "2042"]
[PlyCount "129"]
[EventDate "2012.03.31"]
[EventType "swiss"]
[EventRounds "9"]
[EventCountry "GER"]
[SourceTitle "EXT 2022"]
[Source "ChessBase"]
[SourceDate "2021.10.06"]
[SourceVersion "1"]
[SourceVersionDate "2021.10.06"]
[SourceQuality "1"]

1. Nf3 d5 2. c4 c6 3. cxd5 cxd5 4. g3 Nc6 5. Bg2 Bg4 6. 0-0 e5 7. d3 Qd7 8. Qa4 Bc5 9. Nc3 Nge7 10. a3 0-0 11. b4 Bd4 12. Bb2 Bxc3 13. Bxc3 d4 14. Bb2 a6 15. Rfc1 Rfc8 16. Qd1 Bxf3 17. Bxf3 Rc7 18. Rc5 b6 19. Rc4 Rac8 20. Rac1 Nd5 21. Qb3 Nce7 22. Rxc7 Rxc7 23. Rxc7 Nxc7 24. Qc4 b5 25. Qc5 f6 26. Qa7 h6 27. Bc1 Kh7 28. e3 Kh8 29. exd4 Nc6 30. Bxc6 Qxc6 31. Qc5 Qd7 32. dxe5 Ne6 33. Qe3 fxe5 34. Qxe5 Nd4 35. Qe4 Ne6 36. Be3 Qf7 37. d4 Nc7 38. Qc6 Nd5 39. Qxa6 Nxe3 40. fxe3 Qb3 41. Qc8+ Kh7 42. Qf5+ Kh8 43. Kf2 Qxa3 44. Qxb5 Qb2+ 45. Qe2 Qxb4 46. d5 Qc5 47. Qd2 Kg8 48. Kf3 Qf8+ 49. Kg2 Qa8 50. e4 Kf7 51. e5 Ke7 52. Qb4+ Ke8 53. Qb5+ Kf8 54. e6 Qa2+ 55. Kf3 Qxh2 56. Qb8+ Ke7 57. Qc7+ Kf6 58. Qf4+ Kg6 59. Ke4 Qc2+ 60. Kd4 Qa4+ 61. Ke5 Qa1+ 62. Qd4 Qa5 63. Qe4+ Kh5 64. Qf3+ Kg5 65. Qf5# 1-0

[Event "Schleswig Holstein-ch M class"]
[Site "Schleswig Holstein"]
[Date "2012.04.01"]
[Round "2"]
[White "Schwarz, Frank"]
[Black "Marx, Joschka"]
[Result "1-0"]
[WhiteElo "2214"]
[BlackElo "2017"]
[PlyCount "44"]
[EventDate "2012.03.31"]
[EventType "swiss"]
[EventRounds "9"]
[EventCountry "GER"]
[SourceTitle "EXT 2022"]
[Source "ChessBase"]
[SourceDate "2021.10.06"]
[SourceVersion "1"]
[SourceVersionDate "2021.10.06"]
[SourceQuality "1"]

1. d4 Nf6 2. Nf3 d5 3. e3 e6 4. Bd3 Be7 5. Nbd2 0-0 6. 0-0 c5 7. b3 Nc6 8. Bb2 b6 9. a3 Bb7 10. Qe2 Rc8 11. Rfd1 Qc7 12. c4 Rfd8 13. Rac1 Qb8 14. cxd5 Rxd5 15. dxc5 Bxc5 16. b4 Be7 17. Bc4 Rh5 18. Nf1 Bd6 19. Ba6 Bxa6 20. Qxa6 Ne7 21. Rxc8+ Nxc8 22. Ng3 Bxg3 1-0

[Event "GER-ch U18"]
[Site "Oberhof"]
[Date "2011.06.15"]
[Round "6"]
[White "Marx, Joschka"]
[Black "Wendling, Florian"]
[Result "1/2-1/2"]
[WhiteElo "2035"]
[BlackElo "1966"]
[PlyCount "66"]
[EventDate "2011.06.11"]
[EventType "swiss"]
[EventRounds "9"]
[EventCountry "GER"]
[SourceTitle "CBM 142 Extra"]
[Source "ChessBase"]
[SourceDate "2011.06.27"]
[SourceVersion "1"]
[SourceVersionDate "2011.06.27"]
[SourceQuality "1"]

1. e4 c5 2. Nf3 d6 3. Bb5+ Bd7 4. Bxd7+ Qxd7 5. c4 Nc6 6. Nc3 e6 7. d4 cxd4 8. Nxd4 Nf6 9. 0-0 Be7 10. b3 0-0 11. Ba3 Rfe8 12. Qd2 a6 13. Rfd1 Rad8 14. Rac1 Bf8 15. Nc2 Ne5 16. Ne3 Qc6 17. f3 Nh5 18. Ne2 Be7 19. Rf1 h6 20. Bb2 Ng6 21. g3 Nf6 22. Nd4 Qb6 23. Bc3 Qa7 24. Ba5 Rc8 25. Kg2 b6 26. Bb4 Qb7 27. Rfd1 Red8 28. Qe2 Ne5 29. Rc2 Rd7 30. Rcd2 Rcd8 31. a3 Bf8 32. Ndc2 Nc6 33. Bc3 Ne5 1/2-1/2

[Event "GER-ch U18"]
[Site "Oberhof"]
[Date "2011.06.14"]
[Round "4"]
[White "Marx, Joschka"]
[Black "Gruenter, Martin"]
[Result "0-1"]
[WhiteElo "2035"]
[BlackElo "2239"]
[PlyCount "90"]
[EventDate "2011.06.11"]
[EventType "swiss"]
[EventRounds "9"]
[EventCountry "GER"]
[SourceTitle "CBM 142 Extra"]
[Source "ChessBase"]
[SourceDate "2011.06.27"]
[SourceVersion "1"]
[SourceVersionDate "2011.06.27"]
[SourceQuality "1"]

1. e4 c5 2. c3 Nf6 3. e5 Nd5 4. d4 cxd4 5. Nf3 e6 6. cxd4 b6 7. Bd3 Ba6 8. Bxa6 Nxa6 9. 0-0 Be7 10. Nc3 Nxc3 11. bxc3 Qc7 12. Qd3 Qb7 13. Re1 h6 14. Bf4 Rc8 15. Nd2 Nc7 16. Ne4 Nd5 17. Bd2 Qc6 18. Rec1 Qc4 19. Qf3 b5 20. a4 bxa4 21. Be1 Nb6 22. Nd2 Qc6 23. c4 Bb4 24. Ne4 Be7 25. c5 Nd5 26. Rc4 f5 27. Nc3 Nxc3 28. Qxc3 0-0 29. Rcxa4 f4 30. f3 Qd5 31. Rb1 Rb8 32. Rbb4 Rb7 33. Rxb7 Qxb7 34. Rb4 Qd5 35. Qa3 Ra8 36. Qa6 Bxc5 37. Rc4 Bxd4+ 38. Bf2 Bxf2+ 39. Kxf2 Qd2+ 40. Kf1 Rb8 41. Rc8+ Rxc8 42. Qxc8+ Kf7 43. Qc4 a5 44. h4 Qb4 45. Qd3 Ke7 0-1

[Event "Schleswig Holstein-ch U18"]
[Site "Neumuenster"]
[Date "2011.04.28"]
[Round "6.3"]
[White "Krause, Jonah"]
[Black "Marx, Joschka"]
[Result "1/2-1/2"]
[WhiteElo "1920"]
[BlackElo "2035"]
[PlyCount "38"]
[EventDate "2011.04.25"]
[EventType "tourn"]
[EventRounds "9"]
[EventCountry "GER"]
[SourceTitle "EXT 2022"]
[Source "ChessBase"]
[SourceDate "2021.10.06"]
[SourceVersion "1"]
[SourceVersionDate "2021.10.06"]
[SourceQuality "1"]

1. d4 Nf6 2. c4 e5 3. dxe5 Ng4 4. e3 Nxe5 5. Nh3 Nbc6 6. Nc3 Bb4 7. Bd2 d6 8. Nf4 0-0 9. a3 Bxc3 10. Bxc3 a5 11. b3 b6 12. Rc1 Re8 13. Be2 Bb7 14. 0-0 Ne7 15. Qc2 N7g6 16. Nh5 Qg5 17. Ng3 Qd8 18. Rfd1 Nh4 19. e4 Nhg6 1/2-1/2

[Event "GER-chT U16"]
[Site "Verden an der Aller"]
[Date "2009.12.30"]
[Round "7.1"]
[White "Marx, Joschka"]
[Black "Xu, Xianliang"]
[Result "0-1"]
[WhiteElo "2020"]
[BlackElo "1968"]
[PlyCount "106"]
[EventDate "2009.12.27"]
[EventType "team-swiss"]
[EventRounds "7"]
[EventCountry "GER"]
[SourceTitle "EXT 2022"]
[Source "ChessBase"]
[SourceDate "2021.10.06"]
[SourceVersion "1"]
[SourceVersionDate "2021.10.06"]
[SourceQuality "1"]
[WhiteTeam "Segeberg SF U16"]
[BlackTeam "Bebenhausen U16"]
[WhiteTeamCountry "GER"]
[BlackTeamCountry "GER"]

1. Nf3 c5 2. g3 Nc6 3. Bg2 g6 4. d3 d6 5. Nbd2 e5 6. e4 Nge7 7. c3 Bg7 8. 0-0 0-0 9. Ne1 Be6 10. f4 exf4 11. gxf4 f5 12. Ndf3 Kh8 13. Nc2 Qd7 14. Ng5 Bg8 15. Qe1 c4 16. Rf3 Rae8 17. Qf1 cxd3 18. Qxd3 fxe4 19. Nxe4 Nf5 20. Ng3 Be6 21. Bd2 Nxg3 22. Rxg3 Bf5 23. Bh3 Bxd3 24. Bxd7 Bxc2 25. Bxe8 Rxe8 26. Kf2 Kg8 27. Rc1 Bf5 28. Re3 Rxe3 29. Bxe3 Kf7 30. Rd1 Ke6 31. Re1 Kd7 32. Ke2 a6 33. Kd2 Ne7 34. Bd4 Bh6 35. Rf1 Nd5 36. Be3 Nxe3 37. Kxe3 d5 38. Rd1 Ke6 39. Rf1 b5 40. Kd4 Kd6 41. a3 Bg7+ 42. Ke3 Kc5 43. Kd2 Kc4 44. Re1 Be4 45. Re2 a5 46. h4 b4 47. axb4 axb4 48. cxb4 Bxb2 49. h5 Kxb4 50. hxg6 hxg6 51. Ke3 Bc3 52. Rh2 Bf5 53. Rh7 Kc4 0-1

[Event "GER-ch U16"]
[Site "Willingen"]
[Date "2009.06.02"]
[Round "5"]
[White "Marx, Joschka"]
[Black "Osmanodja, Filiz"]
[Result "1/2-1/2"]
[WhiteElo "2014"]
[BlackElo "1963"]
[PlyCount "85"]
[EventDate "2009.05.30"]
[EventType "swiss"]
[EventRounds "9"]
[EventCountry "GER"]
[SourceTitle "CBM 130 Extra"]
[Source "ChessBase"]
[SourceDate "2009.07.02"]
[SourceVersion "2"]
[SourceVersionDate "2009.07.15"]
[SourceQuality "1"]

1. e4 c5 2. Nf3 d6 3. d4 cxd4 4. Nxd4 Nf6 5. Nc3 a6 6. f3 e5 7. Nb3 Be6 8. Be3 Be7 9. Qd2 Qc7 10. 0-0-0 Nbd7 11. Kb1 0-0 12. g4 b5 13. g5 Nh5 14. Ne2 Rac8 15. Ng3 Nf4 16. h4 d5 17. Bxf4 exf4 18. Nf5 Bxf5 19. exf5 Ne5 20. Bd3 Bd6 21. f6 g6 22. h5 Rfd8 23. hxg6 fxg6 24. Nd4 Re8 25. Bf1 Bc5 26. Nb3 Be3 27. Qxd5+ Nf7 28. Bh3 Qxc2+ 29. Ka1 Red8 30. Bd7 Rc7 31. Qe6 a5 32. Qh3 h5 33. gxh6 Kh7 34. Qe6 Qc4 35. Qe7 a4 36. Na5 Rdxd7 37. Nxc4 Rxe7 38. fxe7 Rxe7 39. Nd6 Ne5 40. Nxb5 Nxf3 41. Nc3 g5 42. Nd5 Rf7 43. Rd3 1/2-1/2